• 首页
  • 本馆介绍
  • 公告通知
  • 最新文献
  • 馆藏检索
  • 电子资源
  • 读者导购
  • 参考咨询
  • 我的图书馆
  • 登录
  • 详细信息显示
  • 放入我的书架
  • 预约/预借图书
  • 作者相关作品
  • 分类相关作品
  • 丛书相关作品
  • 出版社相关作品

书目信息

  • 表格格式
  • 工作单格式
  • 卡片格式
题名:
京剧与胜迹
    
 
作者: 杨雨行 著
分册:  
出版信息: 北京   新世界出版社  2012.10
页数: 330页
开本: 24cm
丛书名:
单 册:
中图分类: J821 , K928.7
科图分类:
主题词: 京剧--介绍 , 名胜古迹--介绍--中国 , 京剧 , 名胜古迹
电子资源:
ISBN: 978-7-5104-3350-4
000 00819nam0 2200277 450
001 010700140820
005 20130427085709.04
010    @a978-7-5104-3350-4@dCNY39.80
100    @a20121103d2012 em y0chiy50 ea
101 0  @achi
102    @aCN@b110000
105    @af z 000yy
106    @ar
200 1  @a京剧与胜迹@9jing ju yu sheng ji@f杨雨行著
210    @a北京@c新世界出版社@d2012.10
215    @a330页@c图版(23页)@d24cm
330    @a本文详尽地介绍了200出京剧剧情,以及与其有关的景点300处,珍贵照片100余幅。并对戏曲进行了扼要的评论。
606 0  @a京剧@x介绍
606 0  @a名胜古迹@x介绍@y中国
606 0  @a京剧
606 0  @a名胜古迹
690    @aJ821@v5
690    @aK928.7@v5
701  0 @a杨雨行@9yang yu xing@f(1937-)@4著
801  0 @aCN@bRENTIAN@c20121103
905    @b542085-89@dJ821@e122@f5
    
    京剧与胜迹/杨雨行著.-北京:新世界出版社,2012.10
    330页:图版(23页);24cm
    
    
    ISBN 978-7-5104-3350-4:CNY39.80
    本文详尽地介绍了200出京剧剧情,以及与其有关的景点300处,珍贵照片100余幅。并对戏曲进行了扼要的评论。
●
相关链接 在E读中查询图书 在五车中查询图书 在当当中查询图书 在豆瓣中查询图书


正题名:京剧与胜迹     索取号:J821/122         预约/预借

序号 登录号 条形码 馆藏地/架位号 状态 备注
1 542085   205420855   第一样本阅览室/ [索取号:J821/122] 在馆    
2 542086   205420864   第一借阅区/ [索取号:J821/122] 在馆    
3 542087   205420873   第一借阅区/ [索取号:J821/122] 在馆    
4 542088   205420882   第一借阅区/ [索取号:J821/122] 在馆    
5 542089   205420891   第一借阅区/ [索取号:J821/122] 在馆    
唐山师范学院图书馆 欢迎您!
大连网信软件有限公司© 版权所有